Principles of network and system administration (Record no. 5810)

MARC details
000 -LEADER
fixed length control field 00355nam a2200133Ia 4500
008 - FIXED-LENGTH DATA ELEMENTS--GENERAL INFORMATION
fixed length control field 150201s2014 xx 000 0 und d
082 ## - DEWEY DECIMAL CLASSIFICATION NUMBER
Classification number 5.43
Item number BUR
100 ## - MAIN ENTRY--PERSONAL NAME
Personal name Burgess, Mark,
245 ## - TITLE STATEMENT
Title Principles of network and system administration
250 ## - EDITION STATEMENT
Edition statement 2nd . Ed.
260 ## - PUBLICATION, DISTRIBUTION, ETC. (IMPRINT)
Name of publisher, distributor, etc. Wiley India Pvt. Ltd.
Place of publication, distribution, etc. N.Delhi
Date of publication, distribution, etc. 2014
300 ## - PHYSICAL DESCRIPTION
Extent 634p.
942 ## - ADDED ENTRY ELEMENTS (KOHA)
Source of classification or shelving scheme Dewey Decimal Classification
Koha item type Books
Koha issues (borrowed), all copies 1
Holdings
Withdrawn status Lost status Source of classification or shelving scheme Damaged status Not for loan Home library Current library Date acquired SGTU Total Checkouts Full call number Barcode Date last seen Bill Date Koha item type Date last checked out
    Dewey Decimal Classification     SGT Engineering Library SGT Engineering Library 07/07/2014 SGTU   5.43 BUR FEBB8509 09/02/2015 09/02/2015 Books  
    Dewey Decimal Classification     SGT Engineering Library SGT Engineering Library 07/07/2014 SGTU 1 5.43 BUR FEBB8510 26/12/2024 09/02/2015 Books 26/12/2024
    Dewey Decimal Classification     SGT Engineering Library SGT Engineering Library 07/07/2014 SGTU   5.43 BUR FEBB8511 09/02/2015 09/02/2015 Books  
    Dewey Decimal Classification     SGT Engineering Library SGT Engineering Library 07/07/2014 SGTU   5.43 BUR FEBB8512 09/02/2015 09/02/2015 Books  
    Dewey Decimal Classification     SGT Engineering Library SGT Engineering Library 07/07/2014 SGTU   5.43 BUR FEBB8513 09/02/2015 09/02/2015 Books  
    Dewey Decimal Classification     SGT Engineering Library SGT Engineering Library 07/07/2014 SGTU 1 5.43 BUR FEBB8514 01/02/2021 09/02/2015 Books 25/01/2021
    Dewey Decimal Classification     SGT Engineering Library SGT Engineering Library 07/07/2014 SGTU   5.43 BUR FEBB8515 09/02/2015 09/02/2015 Books  
    Dewey Decimal Classification     SGT Engineering Library SGT Engineering Library 07/07/2014 SGTU   5.43 BUR FEBB8516 09/02/2015 09/02/2015 Books